[Event "Baden-ch U20"]
[Site "Karlsruhe"]
[Date "2020.01.05"]
[Round "6"]
[White "Lim, Huay Leon Warren"]
[Black "Neves, Carlos"]
[Result "0-1"]
[WhiteElo "1591"]
[BlackElo "1438"]
[PlyCount "78"]
[EventDate "2020.01.02"]
[EventType "swiss"]
[EventRounds "7"]
[EventCountry "GER"]
[SourceTitle "CBM 194 Extra"]
[Source "ChessBase"]
[SourceDate "2020.03.31"]
[SourceVersion "1"]
[SourceVersionDate "2020.03.31"]
[SourceQuality "1"]

1. e4 c5 2. Nf3 Nc6 3. d4 cxd4 4. Nxd4 g6 5. Nb3 Bg7 6. Be3 Nf6 7. Nc3 0-0 8. Bd3 d5 9. Nd4 e5 10. Nxc6 bxc6 11. Bg5 Bb7 12. 0-0 Qc7 13. Bxf6 Bxf6 14. Qf3 Qd6 15. exd5 cxd5 16. Nb5 Qb6 17. Nc7 Rad8 18. Rfd1 d4 19. Be4 Bxe4 20. Qxe4 Qxc7 21. a3 Rc8 22. Rd2 Bg7 23. g3 Qc6 24. f3 Qxe4 25. fxe4 f5 26. b4 fxe4 27. Re2 d3 28. cxd3 exd3 29. Rd2 e4 30. Re1 Bc3 31. Red1 Bxd2 32. Rxd2 e3 33. Rxd3 e2 34. Re3 Rce8 35. Rxe8 Rxe8 36. Kg2 e1Q 37. Kh3 Re4 38. Kg2 Qe2+ 39. Kg1 Rd4 0-1